| 000 | 00777cam a22002533a 4500 | ||
|---|---|---|---|
| 001 | 19653 | ||
| 003 | PGUSA | ||
| 005 | 20140828083421.0 | ||
| 008 | 061028s2006||||xxu|||||s|||||000 | eng d | ||
| 040 |
_aPGUSA _beng |
||
| 042 | _adc | ||
| 050 | 4 | _aCT | |
| 100 | 1 |
_aBraun, Lily, _d1865-1916 |
|
| 245 | 1 | 0 |
_aIm Schatten der Titanen : _bErinnerungen an Baronin Jenny von Gustedt _h[electronic resource] / _cLily Braun |
| 260 |
_bProject Gutenberg, _c2006 |
||
| 506 | _aPublic domain in the USA. | ||
| 516 | _aElectronic text | ||
| 653 | _aGustedt, Jenny (von Papenheim) freiin von, 1811-1890 | ||
| 653 | _aBiography | ||
| 653 | _aWomen authors, German -- Biography | ||
| 830 | 0 |
_aProject Gutenberg _v19653 |
|
| 856 | 4 | 0 | _uhttp://www.gutenberg.org/ebooks/19653 |
| 942 | _cEB | ||
| 999 |
_c248908 _d248908 |
||